Consultation on the strategic environmental assessment (Record no. 109964)
[ view plain ]
| 000 -LEADER | |
|---|---|
| fixed length control field | 01571cad a22002535a 4500 |
| 001 - CONTROL NUMBER | |
| control field | E148229 |
| 008 - FIXED-LENGTH DATA ELEMENTS--GENERAL INFORMATION | |
| fixed length control field | 090821s2009 xxk f s000 0 eng d |
| 020 ## - INTERNATIONAL STANDARD BOOK NUMBER | |
| International Standard Book Number | 9780755990849 |
| 035 ## - SYSTEM CONTROL NUMBER | |
| System control number | (Sirsi) u148229 |
| 041 0# - LANGUAGE CODE | |
| Language code of text/sound track or separate title | eng |
| 050 04 - LIBRARY OF CONGRESS CALL NUMBER | |
| Classification number | 614.76 $2 18 |
| 110 2# - MAIN ENTRY--CORPORATE NAME | |
| Corporate name or jurisdiction name as entry element | Scotland |
| Subordinate unit | Scottish Government |
| 9 (RLIN) | 5344 |
| 245 00 - TITLE STATEMENT | |
| Title | Consultation on the strategic environmental assessment |
| Remainder of title | Scottish national waste management plan 2009, environmental report, 10th August 2009 |
| Medium | [electronic resource] |
| 260 ## - PUBLICATION, DISTRIBUTION, ETC. | |
| Place of publication, distribution, etc. | Edinbugh |
| Name of publisher, distributor, etc. | Scottish Government |
| Date of publication, distribution, etc. | 2009 |
| 505 2# - FORMATTED CONTENTS NOTE | |
| Formatted contents note | Non-technical summary -- Introduction to the environmental report -- The National Waste Management Plan for Scotland -- Policy context -- Environmental baseline -- Approach to the assessment -- Significant environmental effects -- Finalising the MWMP and implementation -- Next steps -- Appendices |
| 520 ## - SUMMARY, ETC. | |
| Summary, etc. | Seeks views on a strategic environmental assessment for The National Waste Management Plan (NWMP) for Scotland. This document is required by the EU Waste Framework Directive and the National Waste Management Plan for Scotland Regulations 2007, and sets out the idea of a "Zero Waste Scotland". Deadline for comments is 13 November 2009. |
| 521 ## - TARGET AUDIENCE NOTE | |
| Target audience note | Advanced |
| 590 ## - LOCAL NOTE (RLIN) | |
| Local note | KA |
| 650 24 - SUBJECT ADDED ENTRY--TOPICAL TERM | |
| Topical term or geographic name entry element | NATIONAL WASTE MANAGEMENT PLAN FOR SCOTLAND REGULATIONS 2007 |
| 651 #4 - SUBJECT ADDED ENTRY--GEOGRAPHIC NAME | |
| Geographic name | Scotland |
| Chronological subdivision | 1999- |
| 690 ## - LOCAL SUBJECT ADDED ENTRY--TOPICAL TERM (OCLC, RLIN) | |
| Topical term or geographic name as entry element | ENVIRONMENTAL AND LAND CONSULTANCY-WASTE MANAGEMENT |
| 856 40 - ELECTRONIC LOCATION AND ACCESS | |
| Uniform Resource Identifier | <a href="https://www.scotland.gov.uk/Publications/2009/08/19155137/0">https://www.scotland.gov.uk/Publications/2009/08/19155137/0</a> |
| Public note | View the consultation free of charge at www.scotland.gov.uk... |
| 942 ## - ADDED ENTRY ELEMENTS (KOHA) | |
| Suppress in OPAC | 0 |
| Withdrawn status | Lost status | Source of classification or shelving scheme | Damaged status | Not for loan | Home library | Current library | Shelving location | Date acquired | Total Checkouts | Full call number | Barcode | Date last seen | Copy number | Price effective from | Koha item type |
|---|---|---|---|---|---|---|---|---|---|---|---|---|---|---|---|
| Dewey Decimal Classification | Virtual | Virtual | Online | 21/08/2009 | ONLINE PUBLICATION | 148229-2001 | 06/08/2019 | 1 | 06/08/2019 | Book |